Re-engineering performance management / (Record no. 347889)
[ view plain ]
| 000 -LEADER | |
|---|---|
| fixed length control field | 00514 a2200157 4500 |
| 020 ## - INTERNATIONAL STANDARD BOOK NUMBER | |
| International Standard Book Number | 8175140399 (hardcover) |
| 020 ## - INTERNATIONAL STANDARD BOOK NUMBER | |
| International Standard Book Number | 9788175140394 (hardcover) |
| 090 ## - LOCALLY ASSIGNED LC-TYPE CALL NUMBER (OCLC); LOCAL CALL NUMBER (RLIN) | |
| -- | 5482 |
| -- | 5482 |
| 100 1# - MAIN ENTRY--PERSONAL NAME | |
| Personal name | Weiff, T.B. |
| 245 10 - TITLE STATEMENT | |
| Title | Re-engineering performance management / |
| Statement of responsibility, etc. | T.B. Weiff, F. Hartel. |
| 260 ## - PUBLICATION, DISTRIBUTION, ETC. | |
| Place of publication, distribution, etc. | [S.l.] : |
| Name of publisher, distributor, etc. | Deep & Deep Publications, |
| Date of publication, distribution, etc. | 2002. |
| 300 ## - PHYSICAL DESCRIPTION | |
| Extent | 250 p. |
| 700 1# - ADDED ENTRY--PERSONAL NAME | |
| Personal name | Hartel, F. |
| 856 40 - ELECTRONIC LOCATION AND ACCESS | |
| Materials specified | Amazon.com |
| Uniform Resource Identifier | <a href="http://www.amazon.com/exec/obidos/ASIN/8175140399/chopaconline-20">http://www.amazon.com/exec/obidos/ASIN/8175140399/chopaconline-20</a> |
| 942 ## - ADDED ENTRY ELEMENTS (KOHA) | |
| Institution code [OBSOLETE] | NBS |
| Koha item type | Book |
| Call number prefix | 658.4013 WEI |
| Withdrawn status | Lost status | Damaged status | Not for loan | Permanent Location | Current Location | Date acquired | Total Checkouts | Full call number | Barcode | Date last seen | Price effective from | Koha item type |
|---|---|---|---|---|---|---|---|---|---|---|---|---|
| Central Library (CL) | Central Library (CL) | 08/28/2013 | 658.4013 WEI | NBS443 | 08/28/2013 | 08/28/2013 | Book |
